000 00559nam a2200193 a 4500
005 20210219154218.0
008 021106s2001 mx r 000 0 spa d
020 _a0521576156
035 _aUPN01000120757
049 _aCG
050 4 _aB2137
_bC3.5
245 0 4 _aThe Cambridge companion to Rousseau /
_ced. by Patrick Riley.
260 _aNew York :
_bCambridge University,
_c2001.
300 _a453 p.
440 0 _aCambridge companion to philosophy
600 1 4 _aROUSSEAU, JEAN JACQUES,
_d1712-1778
700 1 _aRiley, Patrick,
_eed.
905 _aLibro
999 _c93091
_d93091